=LDR 00000nam 2200000 4500 =001 NUTBA000000000002544 =005 20140619114925.0 =006 =007 =008 =020 ##$$a 602-8506-42-7 =035 ##$$a 0010-061400000000487 =040 ##$$a NBPDMAT =082 ##$$a 782.42 =090 ##$$a 782.42 $b Ade m =100 ##$$a Ade Husnul =245 ##$$a Mengenal lagu rakyat nusantara / $c oleh Ade Husnul =260 ##$$a Jakarta : $b Multazam Mulia, $c 2010 =300 ##$$a 101 hlm. : $b ilus. ; $c 25 cm. =500 ##$$a Bibliografi : hlm. 101 =650 ##$$a Nyanyian rakyat =990 ##$$a 21401382 =990 ##$$a 21400613/BPAP-NTB/20142014 =990 ##$$a 21400613/BPAP-NTB/20142014 =990 ##$$a 21400613/BPAP-NTB/20142014 =990 ##$$a 21400613/BPAP-NTB/20142014 =990 ##$$a 21400613/BPAP-NTB/20142014